Statistics for world map country test

Click here to take the quiz!

General Stats

  • This quiz has been taken 38 times
    (34 since last reset)
  • The average score is 103 of 151

Answers on the Map

Answers color-coded by a green-red scale on the quiz's map according to % correct below.
 

Answer Stats

Answer% Correct
belgium
92%
bosnia herzegovina
92%
croatia
83%
cuba
83%
israel
83%
kazakhstan
83%
kenya
83%
rwanda
83%
tunisia
83%
united kingdom
83%
algeria
75%
argentina
75%
austria
75%
bahamas
75%
cambodia
75%
china
75%
colombia
75%
democratic republic of the congo
75%
denmark
75%
djibouti
75%
dominican republic
75%
egypt
75%
ethiopia
75%
finland
75%
germany
75%
guatemala
75%
haiti
75%
iceland
75%
iran
75%
ireland
75%
italy
75%
kuwait
75%
lesotho
75%
malaysia
75%
mauritania
75%
mexico
75%
montenegro
75%
nepal
75%
new zealand
75%
north korea
75%
norway
75%
oman
75%
pakistan
75%
panama
75%
poland
75%
qatar
75%
romania
75%
russia
75%
senegal
75%
serbia
75%
somalia
75%
south korea
75%
south sudan
75%
sudan
75%
switzerland
75%
syria
75%
taiwan
75%
uganda
75%
united arab emirates
75%
united states
75%
uzbekistan
75%
venezuela
75%
yemen
75%
albania
67%
angola
67%
armenia
67%
australia
67%
azerbaijan
67%
bangladesh
67%
bhutan
67%
bolivia
67%
brazil
67%
burundi
67%
cameroon
67%
chad
67%
chile
67%
congo
67%
costa rica
67%
cyprus
67%
ecuador
67%
el salvador
67%
estonia
67%
france
67%
gabon
67%
georgia
67%
ghana
67%
honduras
67%
india
67%
indonesia
67%
iraq
67%
ivory coast
67%
jamaica
67%
japan
67%
jordan
67%
laos
67%
madagascar
67%
malawi
67%
mali
67%
morocco
67%
mozambique
67%
namibia
67%
netherlands
67%
nicaragua
67%
niger
67%
nigeria
67%
paraguay
67%
peru
67%
portugal
67%
saudi arabia
67%
south africa
67%
spain
67%
tajikistan
67%
tanzania
67%
turkey
67%
ukraine
67%
vietnam
67%
afghanistan
58%
belarus
58%
belize
58%
canada
58%
central african republic
58%
czech republic | czechia
58%
eritrea
58%
greece
58%
kyrgyzstan
58%
libya
58%
macedonia
58%
moldova
58%
mongolia
58%
papua new guinea
58%
philippines
58%
puerto rico
58%
sierra leone
58%
slovakia
58%
slovenia
58%
sri lanka
58%
sweden
58%
turkmenistan
58%
uruguay
58%
zambia
58%
zimbabwe
58%
botswana
50%
bulgaria
50%
hungary
50%
latvia
50%
lebanon
50%
liberia
50%
myanmar
50%
swaziland | eswatini
50%
thailand
50%
lithuania
42%

Score Distribution

Percentile by Number Answered

Percent of People with Each Score

Your Score History

You have not taken this quiz since the last reset